Central Library OPAC University of Rajshahi

৭ নভেম্বরের বিপ্লব ও জিয়াউর রহমান / (Record no. 54837)

MARC details
000 -LEADER
fixed length control field 00852nam a22002297a 4500
001 - CONTROL NUMBER
control field 54837
003 - CONTROL NUMBER IDENTIFIER
rucl marc code BD-RjUL
005 - DATE AND TIME OF LATEST TRANSACTION
control field 20211209080157.0
008 - FIXED-LENGTH DATA ELEMENTS--GENERAL INFORMATION
fixed length control field 161112s2002 bg ||||| |||| 00| 0 ben d
020 ## - INTERNATIONAL STANDARD BOOK NUMBER
International Standard Book Number 9848140158
Terms of availability : TK 250.00
035 ## - SYSTEM CONTROL NUMBER
System control number (BD-RjUL)54959
040 ## - CATALOGING SOURCE
Original cataloging agency BD-RjUL
Language of cataloging ben
Transcribing agency BD-RjUL
041 ## - LANGUAGE CODE
Language code of text/sound track or separate title ben
082 ## - DEWEY DECIMAL CLASSIFICATION NUMBER
Edition number 23
Classification number 323.095492
Author mark and year SAT 2002
245 00 - TITLE STATEMENT
Title ৭ নভেম্বরের বিপ্লব ও জিয়াউর রহমান /
260 ## - PUBLICATION, DISTRIBUTION, ETC. (IMPRINT)
Place of publication, distribution, etc. ঢাকা :
Name of publisher, distributor, etc. অ. আ. প্রকাশন,
Date of publication, distribution, etc. ২০০২
300 ## - PHYSICAL DESCRIPTION
Pagination ৩১৯ পৃ. ;
Size ২১ সেমি.
650 ## - SUBJECT ADDED ENTRY--TOPICAL TERM
Topical term or geographic name as entry element রাজনৈতিক অধিকার
Geographic subdivision বাংলাদেশ
9 (RLIN) 135304
Topical term or geographic name as entry element Political Rights
Geographic subdivision Bangladesh
9 (RLIN) 135305
700 ## - ADDED ENTRY--PERSONAL NAME
Personal name মুসা, আহমেদ, ভূমিকা
942 ## - ADDED ENTRY ELEMENTS (KOHA)
Source of classification or shelving scheme Dewey Decimal Classification
Koha item type Books
Holdings
Lost status Source of classification or shelving scheme Damaged status Not for loan Collection code Permanent Location Current Location Shelving location Date acquired Source of acquisition Cost, normal purchase price Total Checkouts Full call number Date last seen Copy number Koha item type
  Dewey Decimal Classification     Non-fiction Central Library, University of Rajshahi Central Library, University of Rajshahi   17/09/2003 Paragon Enterprises Dhaka 250.00   B 323.095492 SAT 2002 12/11/2016 C-2 Books
  Dewey Decimal Classification   Not For Loan Non-fiction Central Library, University of Rajshahi Central Library, University of Rajshahi Reading Room 17/09/2003 Paragon Enterprise Ltd.Dhaka. 250.00   B 323.095492 SAT 2002 27/12/2016 C-1 Books